01066nam a22002657a 45000010005000000030006000050050017000110080041000280200018000690400029000870500015001160820010001311000026001412450134001672500030003012600037003313000049003685050008004175200243004255210029006685210020006976500026007176500020007437000037007637469FISKH20250828153517.0250717b cb ||||| |||| 00| 0 eng d a9780545515740 aFISKHbengcFISKHdFISKH aSF416.K525 a636.7 aFourth Grade Students aA kid for Jack : bA true story / cWritten and illustrated by Fourth Grade Studens of Piney Grove Elementary in Kernersville, NC aFirst printing, July 2012 aNew York : bScholastic, c2012. a28 pages : bcolor illustrations ;c26 cm .  aH  aAdults and kids alike will fall in love with Jack in this touching true story of one dog's journey to find a family of his own. Through a series of lucky and some not-so-lucky events, Jack overcomes his past and finds a bright new future.8 a400 bLexile estimate 8 aH bRaz-Plus  aDog adoptionvFiction aFamilyvFiction aHenderson, Bill eCover designer